| 000 | 01707nam a22004577a 4500 | ||
|---|---|---|---|
| 001 | 000096036 | ||
| 003 | CHAP | ||
| 005 | 20220329143137.0 | ||
| 008 | 060801d2005 mx r 00110 spa d | ||
| 010 | _a92502 | ||
| 011 | _a93474 | ||
| 035 | _a104048 | ||
| 040 | _cCHAP | ||
| 090 | _aTesis | ||
| 100 | 0 | 0 |
_aAleman Suarez, Jorge Dario. _93793 |
| 245 | 1 | 0 |
_aDiagnóstico de las funciones del profesor y evaluación del diplomado en educación, en la Universidad Autónoma Chapingo / _c/por Jorge Darío Alemán Suárez. |
| 260 |
_aChapingo, Méx. : _bEl autor, _c2005. |
||
| 300 | _a311 h. | ||
| 502 | _aTesis (Dr. en Ciencias en Educación Agrícola Superior) - - UACH. Departamento de Sociología Rural | ||
| 590 |
_aALEPH _b10 _c20130110 _lUCH01 _h1513 |
||
| 590 |
_aBATCH-UPD _b10 _c20130110 _lUCH01 _h1340 |
||
| 590 |
_aBATCH-UPD _b10 _c20130410 _lUCH01 _h0841 |
||
| 590 |
_aBATCH-UPD _b10 _c20130914 _lUCH01 _h1238 |
||
| 590 |
_aBATCH-UPD _b10 _c20140324 _lUCH01 _h1458 |
||
| 590 |
_aBATCH-UPD _b10 _c20141002 _lUCH01 _h0831 |
||
| 590 |
_aBATCH _b00 _c20181121 _lUCH01 _h0758 |
||
| 590 |
_aCONVERSION _b10 _c20130109 _lUCH01 _h1351 |
||
| 590 |
_aE5765TAJ _b10 _c20130603 _lUCH01 _h1211 |
||
| 590 |
_aE5765TAJ _b10 _c20130703 _lUCH01 _h1404 |
||
| 650 | 1 | 4 |
_aEducación agrícola _zMéxico. _935552 |
| 650 | 1 | 4 |
_aEducación _xEvaluación. _935444 |
| 650 | 1 | 4 |
_aFormación de profesores. _942392 |
| 856 |
_3Finding aid _uhttp://10.13.5.2/tesis/104048.pdf _zTeclea aquí |
||
| 856 |
_a1 _n0000208 |
||
| 901 | _aBK | ||
| 905 | _aLilia | ||
| 942 | _cCD | ||
| 942 | _n0 | ||
| 949 |
_aTesis _bBC _cTES _d00000001040481 _eTS1 _h108115 _i104048 _sb |
||
| 949 |
_aTesis _bBC _cTES _d33724000990263 _eTS2 _fc.2 _h108116 _i104048 _sb |
||
| 999 |
_c92502 _d92502 |
||